000 00489nam a2200181Ia 4500
001 12872
005 20260306163012.0
008 260306t2007||||xx |||||||||||||| ||spa||
041 _aESP
082 _aRD 423.6
_bS79
100 _aWilliam K, Beatty
_eAUT
245 0 _aStedman bilingue:
_bdiccionario de ciencias médicas: ingles - español: español - inglés
260 _c2007
300 _a1668 páginas :
_c28 cm.
650 _aGEN
654 _aCHU
942 _cDIC
_dJUS
_fJUS
_2ddc
_n
999 _c12872
_d12872